Cézanne: Lo que vi y lo que me dijo.

Guardat en:
Dades bibliogràfiques
Autor principal: Gasquet, Joachim (autor)
Format: Llibre
Idioma:espanyol
Publicat: Madrid, España: Gadir, 2005.
Col·lecció:Ensayo y Biografía.
Matèries:
Etiquetes: Afegir etiqueta
Sense etiquetes, Sigues el primer a etiquetar aquest registre!

MARC

LEADER 00000nam a2200000 a 4500
001 UCH8786
003 CL-VaPUC
005 20231122092539.0
008 091211e20050000SP |||||||||||||||||spa|d
999 |c 338893  |d 338891 
020 |a 8493404578 
040 |c Pontificia Universidad Católica de Valparaíso 
082 0 4 |a 709.0344 GAS 2005  |2 21 
100 |a Gasquet, Joachim  |e autor  |9 562786 
245 1 0 |a Cézanne: Lo que vi y lo que me dijo. 
260 |a Madrid, España:  |b Gadir,  |c 2005. 
300 |a 251 páginas :  |b  ilustraciones. 
490 |a Ensayo y Biografía.  
583 |a last modification  |c 20091211 00:00:00  |k Rodrigo Vera 
600 0 |a Cézanne, Paul   |9 545432  |d 1839-1906  |x Biografía  
650 0 |a Impresionismo (Arte)  |2 CL-VaPUC  |9 266135  |x Pintores franceses  
942 |c BK  |2 ddc 
945 |d 20091211 00:00:00  |a dcastane 
952 |0 0  |1 0  |4 0  |6 709_034400000000000_GAS_2005  |7 0  |8 R  |9 432180  |a BIBART  |b BIBART  |d 2019-11-22  |i 4624742  |l 3  |m 1  |o 709.0344 GAS 2005  |p 4624742  |r 2025-03-13  |s 2023-09-29  |w 2019-11-22  |y BK_R  |k ART 
952 |0 0  |1 0  |2 ddc  |4 0  |6 709_034400000000000_GAS_2005  |7 0  |8 A  |9 592580  |a BIBARQ  |b BIBARQ  |c GEN  |d 2023-11-20  |e 3  |g 20131.00  |i 5659585  |l 1  |o 709.0344 GAS 2005  |p 5659585  |r 2025-01-20  |s 2024-01-03  |t 2  |v 20131.00  |w 2023-11-20  |y BK  |k ARQ